Loading...
| Current Events | 1 | 10.00 | 100% | 0% | 0% |
| Fine Arts - Classical Music | 5 | 10.00 | 80% | 20% | 0% |
| Fine Arts - Other | 6 | 6.67 | 50% | 17% | 0% |
| Fine Arts - Painting & Sculpture | 5 | 8.00 | 60% | 0% | 20% |
| Geography | 3 | 10.00 | 67% | 33% | 0% |
| History - American | 6 | 6.67 | 67% | 0% | 0% |
| History - European | 6 | 5.00 | 50% | 0% | 0% |
| History - Other | 7 | 12.86 | 71% | 43% | 14% |
| History - World | 9 | 12.22 | 78% | 44% | 0% |
| Literature - American | 8 | 11.25 | 88% | 25% | 0% |
| Literature - British | 7 | 14.29 | 86% | 43% | 14% |
| Literature - European | 7 | 12.86 | 71% | 43% | 14% |
| Literature - World | 9 | 14.44 | 100% | 44% | 0% |
| Mythology | 3 | 3.33 | 33% | 0% | 0% |
| Other Academic | 4 | 12.50 | 75% | 25% | 25% |
| Philosophy | 11 | 5.45 | 46% | 9% | 0% |
| Religion | 8 | 17.50 | 100% | 38% | 38% |
| Science - Biology | 7 | 11.43 | 100% | 14% | 0% |
| Science - Chemistry | 6 | 20.00 | 100% | 83% | 17% |
| Science - Other | 10 | 15.00 | 100% | 40% | 10% |
| Science - Physics | 7 | 14.29 | 100% | 43% | 0% |
| Social Science | 8 | 7.50 | 75% | 0% | 0% |